LEADER 01291nam a2200289 i 4500 001 000000104492 003 CaOOAMICUS 005 20070330104658.0 008 070330s2006 it ad b u000 u ita r 040 $aPUL$bita$dLDB 041 1 $aita$heng 100 1 $aGribbin, John.$0(OLS)http://pul/name/64155 240 10$aCompanion to the Cosmos$lItaliano.$0(OLS)http://pul/title/131446 245 10$aAstronomia e Cosmologia /$cJohn Gribbin; edizione italiana a cura di Libero Sosio. 260 $aMilano :$bR.C.S. Quotidiani,$c2006. 300 $axxxvii,702 p. :$bill., piante ;$c22cm 490 1 $aEnciclopedia tematica ;$v11 500 $aIn testa al front. : In collaborazione con Le Garzantine. 504 $aBibliografia: p. [665]-702. 650 14$aAstronomia$xManuali, trattati, ecc.$0(OLS)http://pul/subject/28940 700 1 $aSosio, Libero.$0(OLS)http://pul/name/19922 830 0$aEnciclopedia tematica ;$v11.$0(OLS)http://pul/title/131448 850 $aPUL 852 $aPUL$W1$xSL Cons. Gen., Altre Classi 3$y75$m035. 1 ENC 1.11$j116924$qDDC 21$B116915$CPULBib$Z2$F116915 $H103759 $82 941 1 $a9 996 $6245$aAstronomia e Cosmologia$9(OLS)http://pul/title/131447 996 $6260$aMilano :$bR.C.S. Quotidiani$9(OLS)http://pul/publisher/79195 LEADER 01143nam a2200301 a 4500 001 000000171466 003 CaOOAMICUS 005 20190204162700.0 008 190204t2019 it u000 u ita r 020 $a978-88-28-80659-2* 032 $aLibriCat 040 $aPUL$bita 082 04$a341 100 1 $aGioia, Andrea.$0(OLS)http://pul/name/70155 245 10$aDiritto internazionale /$cAndrea Gioia. 250 $a6a ed. 260 $aMilano :$bGiuffrè Francis Lefebvre,$c©2019. 300 $aXVIII, 584 p.;$c24 cm 500 $aContiene indici. 650 4$aDiritto internazionale$xManuali e compendi.$0(OLS)http://pul/subject/26810 850 $aPUL 852 $aPUL$W1$xSL Diritto e Scienze Sociali 3$y79$m341 GIOAN 1$j195158$qDDC 21$B200061$CPULBib$Z2$F200061 $H132230 $81 941 1 $a9 996 $6020$a978-88-28-80659-2*$9(OLS)http://pul/number/165721 996 $6082$a341$9(OLS)http://pul/classification/387 996 $6245$aDiritto internazionale$9(OLS)http://pul/title/54313 996 $6260$aMilano :$bGiuffrè Francis Lefebvre$9(OLS)http://pul/publisher/86917